MDQL
is popping MORE tags! Check the
thread
!
Quizzes
Events
Quiz Creation
Community
Videos
Private Events
Remove Ads
Sign In
Join for FREE
Feedback
Dark Mode
Quiz Categories
Sports
Geography
Music
Movies
Television
Just For Fun
Miscellaneous
History
Literature
Language
Science
Gaming
Entertainment
Religion
Holiday
For Kids
Quiz Lab
Recent
Popular Today
Quiz Kudos Today
Editor Picks
Curator Picks
Quizzes by...
Day
Popularity
Type
Ratings
Length
Year
Community
Subscriptions
Recent Discussions
Orange Saloon
Badges
Playlists
Quests
Create
Leaderboards
Showdown
Live 5
Trivia Bingo
Activity
Puzzle Library
Sporcle Events
Private Events
Virtual Trivia
Globe League
Become a Host
Pub Owners
SporcleCon
Opinionation
Our Games
Videos
Blog
Mobile Apps
Partnerships
Remove Ads and Go Orange
Feedback
Language
Vocabulary
Begins and Ends
Definition
Spanish
French
German
Italian
Chinese
Latin
Translation
Japanese
Language
Vocabulary
Begins and Ends
Definition
Spanish
French
German
Italian
Chinese
Latin
Translation
Japanese
Random Quiz
Search Sporcle
×
Quiz Lab
Quiz Lab
Language
Definition
Select answers by clicking on text or image buttons
Select answers by clicking on text or image buttons
Clickable
Best Score? Go Orange.
GRE Vocab Review III Stats
Can you pick the matching word that best fits each definition?
By
Rockerchick1080
20m
100 Questions
932 Plays
932 Plays
932 Plays
Comments
Comments
Give Quiz Kudos
Give Quiz Kudos
-
- Ratings
hide this ad
More Info
Forced Order
Answers have to be entered in order
Answers have to be entered in order
Replay
Link that replays current quiz
Next Quiz
Link to next quiz in quiz playlist
You Got
0%
They Got
Avg Score
55%
Avg Friend Score
Upgrade to see
Score Distribution
Jump to the score distribution portion of the page
Score
0/100
Timer
20:00
0
Plays Today
% Correct
arabesque (n)
74.5%
desiccate (v)
72.4%
jettison (v)
71.5%
sycophant (n)
71.5%
jocular (adj)
70.9%
canon (n)
70.8%
contiguous (adj)
69.8%
magnanimous (adj)
69.4%
impunity (n)
68.9%
aberrant (adj)
68.7%
morose (adj)
68.2%
atrophy (v)
68%
hackneyed (adj)
68%
desecrate (v)
67.9%
discordant (adj)
67.9%
dilatory (adj)
67.6%
tortuous (adj)
67.6%
credulous (adj)
66.8%
pervade (v)
66.2%
peripatetic (adj)
65.8%
obfuscate (v)
64.8%
penury (n)
64.8%
alacrity (n)
63.9%
nefarious (adj)
63.2%
heterodox (adj)
63.1%
apocryphal (adj)
62.8%
proclivity (n)
62.6%
insipid (adj)
62.3%
acumen (n)
62.2%
repartee (n)
61.9%
diffident (adj)
61.8%
platitude (n)
61.2%
heretical (adj)
61.1%
immutable (adj)
60.9%
% Correct
founder (v)
60.1%
episodic (adj)
59.9%
abate (v)
59.8%
contrite (adj)
59.3%
volatile (adj)
59%
peruse (v)
58.8%
assuage (v)
58.8%
incipient (adj)
58.8%
desuetude (n)
58.7%
parsimonious (adj)
58.5%
salacious (adj)
58.3%
profligate (adj)
58.3%
penchant (n)
57.3%
extirpate (v)
57.2%
insensible (adj)
57.2%
beleaguer (v)
57.1%
implacable (adj)
56.9%
prowess (n)
56.2%
obtuse (adj)
56.1%
abjure (v)
55.3%
irascible (adj)
55.3%
pellucid (adj)
54.8%
jejune (adj)
54.6%
prevaricate (v)
54.3%
surfeit (n)
52.7%
verisimilitude (n)
51.8%
ingenuous (adj)
51.8%
descry (v)
51.6%
equanimity (n)
51.4%
intractable (adj)
51.4%
fatuous (adj)
51.4%
mettle (n)
51%
panegyric (n)
50.6%
prodigious (adj)
50.1%
% Correct
truculent (adj)
50%
estimable (adj)
49.5%
onerous (adj)
49%
chasten (v)
49%
sedulous (adj)
46.7%
prosaic (adj)
46.6%
disparage (v)
46.2%
minatory (adj)
46%
ostensible (adj)
46%
abrogate (v)
45.8%
sagacious (adj)
45.1%
flout (v)
44.5%
countenance (v)
44.2%
importune (v)
44.2%
desultory (adj)
43.9%
salient (adj)
43.8%
limpid (adj)
43.5%
obdurate (adj)
43.1%
ignominious (adj)
42.6%
aspersion (n)
42.3%
repudiate (v)
42.3%
inimical (adj)
42%
solicitous (adj)
41.2%
gainsay (v)
41.1%
trenchant (adj)
40.3%
obstreperous (adj)
40.3%
vituperate (v)
39.3%
fractious (adj)
37.2%
detraction (n)
36.8%
impugn (v)
36.2%
recondite (adj)
34.9%
obloquy (n)
30.4%
Quiz Playlist
Details
Report
Send in Message
Add To Playlist
More Info:
Definitions transcribed from The Princeton Review Essential GRE Vocabulary flashcards.
Clickable:
Select answers by clicking on text or image buttons
Forced Order:
Answers have to be entered in order
Last Updated: Feb 16, 2017
Quiz Scoreboard
CHALLENGE
Sign Up to Join the Scoreboard
Show All
Scores
Hide
Comments
May contain spoilers
Recently Published
Holiday 10x10 Sorting Gallery
by lukepisani3
Holiday
15m
Two Season TV Shows II
by 123Four
Television
10m
Image Sorting: Flags VI
by Barbecue
Geography
2m
More to Explore
Quiz From the Vault
Featured Blog Post
14 Easter Pick-up Lines to Find Eggs With
hide this ad
You Might Also Like...
Tags
Definition Quiz
Vocabulary Quiz
define
gre
Today's Top Quizzes in Language
Browse Language
hide this ad
Today's Top Quizzes in Definition
Browse Definition
Top Contributed Quizzes in Language
1
What Word Starts All?
2
1-10 Letter F Words III
3
1-10 Letter G Words III
4
Weisst du, aus welchen Sprachen diese Wörter stammen?
5
1-10 Letter H Words III
6
Harry Potter book 6 chapters: English & Greek
7
Arabic Numerals
8
One Thing in Common: Italy
9
1-10 Letter I Words III
10
Celtic Nations in their Language
Explore More
Trending Topics
Disney
Marvel
Kpop
Harry Potter
NBA
Crossword
Anime
Pokémon
Puzzle
Soccer
Country
Song
The Office
NFL
WWE
hide this ad
More By:
Rockerchick1080
Quiz
Plays
Rating
Category
Featured
Created
Heart-Shaped Foods by Picture
64,842
4.02
Miscellaneous
Feb 6, 2013
Novels Written by Female Authors
52,730
4.62
Literature
Jan 4, 2013
Most Popular Saints (US Churches)
3,662
4.71
Religion
Jan 4, 2013
GRE Vocab Review I
2,783
3.60
Language
Jan 2, 2013
Recognize These Piano Intros?
1,920
4.32
Music
Apr 29, 2010
Go to Creator's Profile
Score Distribution
Quiz Creator Spotlight
Rockerchick1080
Follow
Send a Message
Quizzes Created
-
Created Quiz Play Count
-
More By This Creator
Popular Quizzes Today
1
Find the US States - No Outlines Minefield
2
Colored Red Africa Blitz
3
Find the 'City' Movie
4
The Countries of the World
5
5x2 Blitz: Bands
6
Find the Countries of Europe - No Outlines Minefield
7
Find the US States
8
US States
More Language Quizzes
In 6 Languages: Vehicles
Published
Trending Quizzes
Colored Red Europe Blitz I
Colored Red Europe Blitz II
Colored Red Africa Blitz II
Even More Two Season TV Shows
Colored Red Africa Blitz III
Recently Updated
Odd Team Out - Big 4 Players
pecheneg
Quick Pick: 20 Twenties
pecheneg
March Madness Men's Triple Doubles
pecheneg
How Do You Spell That?
pecheneg
Godzilla Movies
pecheneg
Grab Bag: 4-10 Letters
pecheneg
2024 March Madness Bracket
pecheneg
Famous TV Couples
Peacemaker
Champions League XIs: Real Madrid
pecheneg
Largest US Cities 1790-2010
pecheneg
Trending Topics
Marvel
NBA
Kpop
Disney
Anime
Crossword
Harry Potter
The Office
Country
Song
Soccer
Pokémon
WWE
NFL
Puzzle
Your Account Isn't Verified!
In order to create a playlist on Sporcle, you need to verify the email address you used during registration. Go to your
Sporcle Settings
to finish the process.
Report this User
Report this user for behavior that violates our
Community Guidelines
.
Details:
Send Report
Go to the Sporcle.com Mobile Site →
Comments